La voz: (Registro nro. 2498)

Detalles MARC
000 -LEADER
campo de control de longitud fija 01938nam a22002417a 4500
001 - NÚMERO DE CONTROL
campo de control 2498
003 - IDENTIFICADOR DE NÚMERO DE CONTROL
campo de control HMS
005 - FECHA Y HORA DE LA ÚLTIMA TRANSACCIÓN
campo de control 20250613095851.0
008 - DATOS DE LONGITUD FIJA--INFORMACIÓN GENERAL
campo de control de longitud fija 250613e2004 cl a|||frntu| 001 0 spa
020 ## - NÚMERO INTERNACIONAL ESTÁNDAR DEL LIBRO
Número Internacional Estándar del Libro 8445812459
040 ## - FUENTE DE CATALOGACIÓN
Centro catalogador/agencia de origen hms
Lengua de catalogación spa
Centro/agencia transcriptor hms
050 04 - SIGNATURA TOPOGRÁFICA DE LA BIBLIOTECA DEL CONGRESO
Número de clasificación WV500
Número de ítem L524
100 1# - ENTRADA PRINCIPAL--NOMBRE DE PERSONA
Nombre de persona Le Huche, François.
Término indicativo de función/relación autor
9 (RLIN) 3512
245 13 - MENCIÓN DEL TÍTULO
Título La voz:
Resto del título Anatomía y fisiología de los órganos de la voz y del habla /
Mención de responsabilidad, etc. François Le Huche, André Allali
Medio [libro]
Número de parte o sección de la obra Tomo 1
246 ## - FORMA VARIANTE DEL TITULO
Título propio/Titulo breve Anatomía y fisiología de los órganos de la voz y del habla
250 ## - MENCION DE EDICION
Mención de edición 2ª edición
260 ## - PUBLICACIÓN, DISTRIBUCIÓN, ETC.
Lugar de publicación, distribución, etc. Barcelona, España :
Nombre del editor, distribuidor, etc. Masson,
Fecha de publicación, distribución, etc. c 2004
300 ## - DESCRIPCIÓN FÍSICA
Extensión 196 páginas :
Otras características físicas ilsutraciones
500 ## - NOTA GENERAL
Nota general Incluye índice
505 ## - NOTA DE CONTENIDO CON FORMATO
Nota de contenido con formato 1. Voz y comportamiento vocal. -- 2. Visión de conjunto de los órganos de la voz y del habla. -- 3. Órganos del soplo fonatorio. -- 4. Anatomía y fisiología del la laringe. -- 5. Pabellón faringobucal y cavidades anexas (resonadores y órganos articuladores) -- 6. Fisiología de la deglución. -- 7. Regulación del habla. -- 8. Dinámica del habla. -- Cuadro alfabético de correspondencias de términos anatómicos según las nomenclaturas clásicas e internacional.
650 #7 - PUNTO DE ACCESO ADICIONAL DE MATERIA--TÉRMINO DE MATERIA
Término de materia o nombre geográfico como elemento de entrada Trastornos de la voz
Subdivisión general Terapia.
9 (RLIN) 3515
942 ## - ELEMENTOS DE ENTRADA SECUNDARIOS (KOHA)
Fuente del sistema de clasificación o colocación Clasificación de Library of Congress
Tipo de ítem Koha Colección Médica
Suprimir en OPAC No
Existencias
Estatus retirado Estado de pérdida Fuente del sistema de clasificación o colocación Estado de daño No para préstamo Colección Biblioteca de origen Biblioteca actual Ubicación en estantería Fecha de adquisición Fuente de adquisición Número de inventario Total de préstamos Signatura topográfica completa Código de barras Visto por última vez Copia número Precio de reemplazo Tipo de ítem Koha
    Clasificación de Library of Congress     Colección Reserva Biblioteca Hospital Militar de Santiago Biblioteca Hospital Militar de Santiago Full Space 13/06/2025 Donación Ed. Mediterráneo 001308   WV500 L524 2ªed 2004 V.1 001308 13/06/2025 c.1 13/06/2025 Colección Médica


Biblioteca Hospital Militar de Santiago / Av. Alcalde Fernando Castillo Velasco 9100
Teléfono: 22 331 7229 / E-mail: biblioteca@hms.cl
Horarios de Atención
Lunes a Viernes de: 08:00 a 13:00 hrs / 14:00 a 17:00 hrs